| 000 | 01351 a2200373 4500 | ||
|---|---|---|---|
| 999 |
_c71342 _d19734 |
||
| 001 | 71342 | ||
| 003 | TR-AnTOB | ||
| 005 | 20230619092118.0 | ||
| 008 | 080728s2007 tu tur | ||
| 020 | _a9789750604560 | ||
| 040 |
_aTR-AnTOB _cTR-AnTOB _beng _erda |
||
| 041 | _atur | ||
| 050 |
_aLC1091 _b.E77 2007 |
||
| 090 | _aLC1091 .E77 2007 | ||
| 100 |
_aErsoy, Arife Figen _945722 |
||
| 245 | 0 |
_aSosyal bilgiler dersinde öğretmenlerin etkili vatandaşlık eğitimi uygulamalarına ilişkin görüşleri / _cArife Figen Ersoy. |
|
| 264 | 1 |
_aEskişehir : _bAnadolu Üniversitesi, _c2007. |
|
| 300 |
_axx, 273 s. : _btbl. ; _c22 cm. |
||
| 336 |
_2rdacontent _atext _btxt |
||
| 337 |
_2rdamedia _aunmediated _bn |
||
| 338 |
_2rdacarrier _avolume _bnc |
||
| 490 | 0 |
_aEğitim Fakültesi Yayınları ; _v1756 _aAnadolu Üniversitesi Yayınları _v102 |
|
| 610 | 0 |
_aAnadolu Üniversitesi. _bEğitim Fakültesi _969952 |
|
| 650 | 0 |
_aVatandaşlık _xÇalışma ve öğretim _zTürkiye _945723 |
|
| 650 | 0 |
_aCitizenship _xStudy and teaching _zTurkey _945724 |
|
| 650 |
_aSosyal bilimler _xÇalışma ve öğretim _zTürkiye _969121 |
||
| 650 | 7 |
_aÖğretim _xDeğerlendirme _2etuturkob _945727 |
|
| 650 | 0 |
_aEtkili öğretim _zTürkiye _945728 |
|
| 902 | _a0024746 | ||
| 903 | _aMerkez Kütüphane | ||
| 942 |
_cBK _2lcc |
||
| 945 | _aMC, 28.07.2008 | ||